|
|
|
|
| LEADER |
00000nam0a2200000 4500 |
| 001 |
274316 |
| 005 |
20231101234721.0 |
| 035 |
|
|
|a (RuTPU)RU\TPU\book\297526
|
| 090 |
|
|
|a 274316
|
| 100 |
|
|
|a 20141105d1969 k y0rusy50 ca
|
| 101 |
1 |
|
|a rus
|c eng
|
| 102 |
|
|
|a RU
|
| 105 |
|
|
|a a z 001zy
|
| 200 |
1 |
|
|a Фотон-электронное взаимодействие в кристаллах в отсутствие внешних полей
|e пер. с англ.
|d Photon-electron interaction, crystals without fields
|f Г. Фэн
|g под ред. В. С. Вавилова
|
| 210 |
|
|
|a Москва
|c Мир
|d 1969
|
| 215 |
|
|
|a 127 с.
|c ил.
|
| 320 |
|
|
|a Библиогр.: с. 121-126.
|
| 510 |
1 |
|
|a Photon-electron interaction, crystals without fields
|z eng
|
| 606 |
1 |
|
|a Кристаллооптика
|2 stltpush
|3 (RuTPU)RU\TPU\subj\16339
|9 42438
|
| 606 |
1 |
|
|a Полупроводники
|x Оптические свойства
|2 stltpush
|3 (RuTPU)RU\TPU\subj\50577
|9 69230
|
| 610 |
1 |
|
|a твердые тела
|
| 610 |
1 |
|
|a диэлектрическая проницаемость
|
| 610 |
1 |
|
|a экситоны
|
| 610 |
1 |
|
|a экспериментальные данные
|
| 610 |
1 |
|
|a спектры
|
| 610 |
1 |
|
|a поглощение
|
| 610 |
1 |
|
|a излучение
|
| 675 |
|
|
|a 548.0:535
|v 3
|
| 675 |
|
|
|a 537.311.322:535
|v 3
|
| 700 |
|
1 |
|a Фэн
|b Г.
|
| 702 |
|
1 |
|a Вавилов
|b В. С.
|4 340
|
| 801 |
|
1 |
|a RU
|b 63413507
|c 20141105
|
| 801 |
|
2 |
|a RU
|b 63413507
|c 20150227
|g RCR
|
| 942 |
|
|
|c BK
|